Estudios sobre la versificación castellana
Uloženo v:
| Hlavní autor: | |
|---|---|
| Médium: | Kniha |
| Jazyk: | španělština |
| Vydáno: |
Santiago
Cervantes
1889
|
| Témata: | |
| Tagy: |
Přidat tag
Žádné tagy, Buďte první, kdo vytvoří štítek k tomuto záznamu!
|
MARC
| LEADER | 00000nam a2200000 a 4500 | ||
|---|---|---|---|
| 001 | UCZ7300 | ||
| 003 | CL-VaPUC | ||
| 008 | 951228e18890000CL |||||||||||||||||spa|d | ||
| 082 | 0 | 4 | |a 861.09 |b BAR |2 21 |
| 100 | 0 | |a Barra, Eduardo de la |e author |9 352100 | |
| 245 | 1 | 0 | |a Estudios sobre la versificación castellana |
| 300 | |a 101 p | ||
| 942 | |c BK | ||
| 945 | |d 19951228 00:00:00 |a rleighto | ||
| 260 | |a Santiago |b Cervantes |c 1889 | ||
| 650 | 0 | |a Poesía española |9 264938 | |
| 650 | 0 | |a Crítica literaria |9 269189 | |
| 650 | 0 | |a Análisis literario |9 318386 | |
| 583 | |a last modification |c 19951228 00:00:00 |k Rodrigo Vera | ||
| 999 | |c 243398 |d 243396 | ||